[Event "Meister-Talente"]
[Site "Emanuel Lasker Arena"]
[Date "2020.11.06"]
[Round "5"]
[White "Torjaeger10"]
[Black "Sreyas2008"]
[Result "0-1"]
[WhiteElo "1801"]
[BlackElo "1885"]
[Annotator "NA RC"]
[PlyCount "80"]
[EventDate "2020.11.06"]
[EventType "tourn (blitz)"]

1. e4 {[%emt 0:00:04]} e5 {[%emt 0:00:04]} 2. Nf3 {[%emt 0:00:01]} Nc6 {[%emt 0:00:02]} 3. Bb5 {[%emt 0:00:01]} a6 {[%emt 0:00:03]} 4. Ba4 {[%emt 0:00:01]} Nf6 {[%emt 0:00:01]} 5. O-O {[%emt 0:00:02]} b5 {[%emt 0:00:03]} 6. Bb3 {[%emt 0:00:02]} Be7 {[%emt 0:00:00]} 7. Re1 {[%emt 0:00:03]} O-O {[%emt 0:00:02]} 8. a4 {[%emt 0:00:00]} Bb7 {[%emt 0:00:05]} 9. d3 {[%emt 0:00:02]} b4 {[%emt 0:00:09]} 10. Nbd2 {[%emt 0:00:05]} a5 {[%emt 0:00:02]} 11. Nf1 {[%emt 0:00:04]} Bc5 {[%emt 0:00:08]} 12. Be3 {[%emt 0:00:03]} Bxe3 {[%emt 0:00:14]} 13. Nxe3 {[%emt 0:00:00]} d6 {[%emt 0:00:01]} 14. Nf5 {[%emt 0:00:19]} Ne7 {[%emt 0:00:06]} 15. N3h4 {[%emt 0:00:06]} g6 {[%emt 0:00:07]} 16. Qd2 {[%emt 0:00:07]} d5 {[%emt 0:01:00]} 17. Qg5 {[%emt 0:00:38]} Nxf5 {[%emt 0:00:18]} 18. exf5 {[%emt 0:00:08]} Nd7 {[%emt 0:00:01]} 19. Qh6 {[%emt 0:00:06]} Qf6 {[%emt 0:00:11]} 20. g4 {[%emt 0:00:41]} d4 {[%emt 0:00:14]} 21. g5 {[%emt 0:00:22]} Qc6 {[%emt 0:00:04]} 22. Re4 {[%emt 0:00:15]} Ra6 {[%emt 0:00:10]} 23. f3 {[%emt 0:00:15]} gxf5 {[%emt 0:00:28]} 24. Nxf5 {[%emt 0:00:00]} Qxh6 {[%emt 0:00:03]} 25. Nxh6+ {[%emt 0:00:00]} Kg7 {[%emt 0:00:01]} 26. Rh4 {[%emt 0:00:02]} Rg6 {[%emt 0:00:02]} 27. Rh5 {[%emt 0:00:10]} Bxf3 {[%emt 0:00:02]} 28. Rh3 {[%emt 0:00:07]} Rxg5+ {[%emt 0:00:01]} 29. Kf2 {[%emt 0:00:01]} Bg2 {[%emt 0:00:01]} 30. Rh4 {[%emt 0:00:06]} Bc6 {[%emt 0:00:01]} 31. Rg1 {[%emt 0:00:07]} Rxg1 {[%emt 0:00:01]} 32. Kxg1 {[%emt 0:00:00]} f5 {[%emt 0:00:01]} 33. Kf2 {[%emt 0:00:03]} Nc5 {[%emt 0:00:02]} 34. Bc4 {[%emt 0:00:02]} e4 {[%emt 0:00:03]} 35. Rh3 {[%emt 0:00:03]} e3+ {[%emt 0:00:06]} 36. Ke2 {[%emt 0:00:01]} f4 {[%emt 0:00:01]} 37. Rh4 {[%emt 0:00:02]} f3+ {[%emt 0:00:01]} 38. Kf1 {[%emt 0:00:01]} e2+ {[%emt 0:00:02]} 39. Kf2 {[%emt 0:00:02]} Re8 {[%emt 0:00:02]} 40. Ke1 {[%emt 0:00:01]} f2+ {[%emt 0:00:01] Torjaeger10 resigns} 0-1

[Event "Meister-Talente"]
[Site "Emanuel Lasker Arena"]
[Date "2020.11.06"]
[Round "5"]
[White "JR43"]
[Black "Tschigorinfan97"]
[Result "1/2-1/2"]
[WhiteElo "1644"]
[BlackElo "2171"]
[Annotator "NA RC"]
[PlyCount "110"]
[EventDate "2020.11.06"]
[EventType "tourn (blitz)"]
[WhiteTeam "SV Werder Bremen I"]

{Reuker, Jari (2394)} 1. Nf3 {[%emt 0:00:05]} c5 {[%emt 0:00:04]} 2. g3 {[%emt 0:00:02]} g6 {[%emt 0:00:02]} 3. Bg2 {[%emt 0:00:02]} Bg7 {[%emt 0:00:01]} 4. O-O {[%emt 0:00:00]} Nc6 {[%emt 0:00:01]} 5. d3 {[%emt 0:00:08]} d6 {[%emt 0:00:07]} 6. Nbd2 {[%emt 0:00:23]} e5 {[%emt 0:00:04]} 7. a3 {[%emt 0:00:06]} Nge7 {[%emt 0:00:04]} 8. c3 {[%emt 0:00:02]} O-O {[%emt 0:00:06]} 9. e4 {[%emt 0:00:47]} h6 {[%emt 0:00:05]} 10. b4 {[%emt 0:00:01]} a6 {[%emt 0:00:02]} 11. Nc4 {[%emt 0:00:07]} b5 {[%emt 0:00:11]} 12. Ne3 {[%emt 0:00:01]} Be6 {[%emt 0:00:05]} 13. Bb2 {[%emt 0:00:23]} f5 {[%emt 0:00:07]} 14. exf5 {[%emt 0:00:09]} gxf5 {[%emt 0:00:03]} 15. Nh4 {[%emt 0:00:22]} Rc8 {[%emt 0:00:16]} 16. Qh5 {[%emt 0:00:07]} Qe8 {[%emt 0:00:16]} 17. Qxe8 {[%emt 0:00:05]} Rfxe8 {[%emt 0:00:08]} 18. Rae1 {[%emt 0:00:09]} cxb4 {[%emt 0:00:17]} 19. axb4 {[%emt 0:00:02]} a5 {[%emt 0:00:06]} 20. bxa5 {[%emt 0:00:05]} Nxa5 {[%emt 0:00:04]} 21. Ra1 {[%emt 0:00:02]} Nb3 {[%emt 0:00:04]} 22. Ra6 {[%emt 0:00:03]} Red8 {[%emt 0:00:09]} 23. Rb1 {[%emt 0:00:08]} f4 {[%emt 0:00:11]} 24. Nc2 {[%emt 0:00:05]} fxg3 {[%emt 0:00:14]} 25. hxg3 {[%emt 0:00:00]} Bf6 {[%emt 0:00:13]} 26. Nf3 {[%emt 0:00:02]} Nc5 {[%emt 0:00:12]} 27. Ra7 {[%emt 0:00:03]} Nxd3 {[%emt 0:00:05]} 28. Ba1 {[%emt 0:00:05]} e4 {[%emt 0:00:13]} 29. Nfd4 {[%emt 0:00:02]} Bd5 {[%emt 0:00:04]} 30. Rxb5 {[%emt 0:00:03]} Ra8 {[%emt 0:00:03]} 31. Rba5 {[%emt 0:00:02]} Rxa7 {[%emt 0:00:02]} 32. Rxa7 {[%emt 0:00:00]} Ra8 {[%emt 0:00:01]} 33. Rxa8+ {[%emt 0:00:01]} Bxa8 {[%emt 0:00:00]} 34. Nb5 {[%emt 0:00:12]} d5 {[%emt 0:00:03]} 35. Ne3 {[%emt 0:00:03]} Bc6 {[%emt 0:00:03]} 36. Nd4 {[%emt 0:00:02]} Bd7 {[%emt 0:00:01]} 37. c4 {[%emt 0:00:08]} Bxd4 {[%emt 0:00:10]} 38. Bxd4 {[%emt 0:00:01]} Nc6 {[%emt 0:00:01]} 39. Ba1 {[%emt 0:00:05]} dxc4 {[%emt 0:00:02]} 40. Bxe4 {[%emt 0:00:01]} Nde5 {[%emt 0:00:10]} 41. Nxc4 {[%emt 0:00:01]} Nxc4 {[%emt 0:00:02]} 42. Bd5+ {[%emt 0:00:01]} Kh7 {[%emt 0:00:01]} 43. Bxc4 {[%emt 0:00:00]} Ne7 {[%emt 0:00:01]} 44. Bd3+ {[%emt 0:00:01]} Bf5 {[%emt 0:00:01]} 45. Be2 {[%emt 0:00:01]} Kg6 {[%emt 0:00:02]} 46. Bd4 {[%emt 0:00:01]} h5 {[%emt 0:00:01]} 47. Kg2 {[%emt 0:00:02]} Nd5 {[%emt 0:00:02]} 48. Bf3 {[%emt 0:00:02]} Nc7 {[%emt 0:00:01]} 49. Be5 {[%emt 0:00:02]} Ne6 {[%emt 0:00:01]} 50. Bd5 {[%emt 0:00:01]} Ng5 {[%emt 0:00:02]} 51. Bb3 {[%emt 0:00:09]} Be4+ {[%emt 0:00:01]} 52. Kf1 {[%emt 0:00:01]} Bd3+ {[%emt 0:00:01]} 53. Kg2 {[%emt 0:00:01]} Be4+ {[%emt 0:00:01]} 54. Kf1 {[%emt 0:00:05]} Bd3+ {[%emt 0:00:08]} 55. Kg2 {[%emt 0:00:02]} Be4+ {[%emt 0:00:03] (Lag: Av=0.76s, max=1.4s)} 1/2-1/2

[Event "Meister-Talente"]
[Site "Emanuel Lasker Arena"]
[Date "2020.11.06"]
[Round "6"]
[White "PeterLaFleur"]
[Black "JR43"]
[Result "1-0"]
[WhiteElo "2161"]
[BlackElo "1709"]
[Annotator "NA RC"]
[PlyCount "56"]
[EventDate "2020.11.06"]
[EventType "tourn (blitz)"]
[BlackTeam "SV Werder Bremen I"]

{- Reuker, Jari (2394)} 1. Nf3 {[%emt 0:00:02]} Nf6 {[%emt 0:00:04]} 2. c4 {[%emt 0:00:01]} g6 {[%emt 0:00:01]} 3. Nc3 {[%emt 0:00:01]} Bg7 {[%emt 0:00:00]} 4. e4 {[%emt 0:00:02]} O-O {[%emt 0:00:00]} 5. d4 {[%emt 0:00:01]} d6 {[%emt 0:00:01]} 6. Be2 {[%emt 0:00:01]} e5 {[%emt 0:00:01]} 7. Be3 {[%emt 0:00:01]} exd4 {[%emt 0:00:07]} 8. Nxd4 {[%emt 0:00:00]} Re8 {[%emt 0:00:01]} 9. f3 {[%emt 0:00:03]} c6 {[%emt 0:00:01]} 10. Bf2 {[%emt 0:00:07]} d5 {[%emt 0:00:04]} 11. exd5 {[%emt 0:00:01]} cxd5 {[%emt 0:00:01]} 12. c5 {[%emt 0:00:08]} Nc6 {[%emt 0:00:03]} 13. O-O {[%emt 0:00:02]} a6 {[%emt 0:00:12]} 14. Qd2 {[%emt 0:00:03]} Nh5 {[%emt 0:00:32]} 15. Rad1 {[%emt 0:00:06]} Ne5 {[%emt 0:00:28]} 16. Na4 {[%emt 0:00:17]} Be6 {[%emt 0:00:36]} 17. Nb6 {[%emt 0:00:04]} Rb8 {[%emt 0:00:01]} 18. f4 {[%emt 0:00:15]} Nc6 {[%emt 0:00:21]} 19. Nxe6 {[%emt 0:00:09]} fxe6 {[%emt 0:00:00]} 20. Bxh5 {[%emt 0:00:14]} gxh5 {[%emt 0:00:00]} 21. Rfe1 {[%emt 0:00:00]} Qc7 {[%emt 0:00:14]} 22. f5 {[%emt 0:00:13]} exf5 {[%emt 0:00:20]} 23. Bg3 {[%emt 0:00:13]} Ne5 {[%emt 0:00:28]} 24. Qxd5+ {[%emt 0:00:06]} Kh8 {[%emt 0:00:03]} 25. Nc4 {[%emt 0:00:09]} Rbd8 {[%emt 0:00:06]} 26. Nd6 {[%emt 0:00:02]} Re7 {[%emt 0:00:03]} 27. Bxe5 {[%emt 0:00:02]} Bxe5 {[%emt 0:00:03]} 28. Rxe5 {[%emt 0:00:02]} Rg7 {[%emt 0:00:02] JR43 gibt auf} 1-0

[Event "Meister-Talente"]
[Site "Emanuel Lasker Arena"]
[Date "2020.11.06"]
[Round "6"]
[White "Tschigorinfan97"]
[Black "Torjaeger10"]
[Result "1-0"]
[WhiteElo "2156"]
[BlackElo "1747"]
[Annotator "NA RC"]
[PlyCount "45"]
[EventDate "2020.11.06"]
[EventType "tourn (blitz)"]

1. d4 {[%emt 0:00:02]} Nf6 {[%emt 0:00:02]} 2. c4 {[%emt 0:00:01]} c5 {[%emt 0:00:15]} 3. d5 {[%emt 0:00:02]} e6 {[%emt 0:00:00]} 4. Nc3 {[%emt 0:00:02]} exd5 {[%emt 0:00:03]} 5. cxd5 {[%emt 0:00:00]} d6 {[%emt 0:00:01]} 6. e4 {[%emt 0:00:01]} g6 {[%emt 0:00:01]} 7. f4 {[%emt 0:00:01]} Bg7 {[%emt 0:00:01]} 8. Bb5+ {[%emt 0:00:01]} Nfd7 {[%emt 0:00:07]} 9. a4 {[%emt 0:00:02]} O-O {[%emt 0:00:02]} 10. Nf3 {[%emt 0:00:01]} a6 {[%emt 0:00:08]} 11. Bc4 {[%emt 0:00:02]} Re8 {[%emt 0:00:02]} 12. O-O {[%emt 0:00:02]} Qc7 {[%emt 0:00:08]} 13. e5 {[%emt 0:00:05]} dxe5 {[%emt 0:00:09]} 14. d6 {[%emt 0:00:03]} Qb6 {[%emt 0:00:02]} 15. Bxf7+ {[%emt 0:00:09]} Kxf7 {[%emt 0:00:06]} 16. Qd5+ {[%emt 0:00:01]} Kf8 {[%emt 0:01:14]} 17. Ng5 {[%emt 0:00:02]} Re7 {[%emt 0:00:01]} 18. dxe7+ {[%emt 0:00:09]} Kxe7 {[%emt 0:00:00]} 19. Qf7+ {[%emt 0:00:03]} Kd8 {[%emt 0:00:31]} 20. Ne6+ {[%emt 0:00:07]} Qxe6 {[%emt 0:00:01]} 21. Qxe6 {[%emt 0:00:00]} Nc6 {[%emt 0:00:03]} 22. Qg8+ {[%emt 0:00:07]} Bf8 {[%emt 0:00:02]} 23. fxe5 {[%emt 0:00:01] Torjaeger10 resigns (Lag: Av=0.58s, max=0.7s)} 1-0

[Event "Meister-Talente"]
[Site "Emanuel Lasker Arena"]
[Date "2020.11.06"]
[Round "6"]
[White "Beyond_uoschi"]
[Black "Psammenitos."]
[Result "0-1"]
[WhiteElo "2137"]
[BlackElo "2484"]
[Annotator "TA"]
[PlyCount "98"]
[EventDate "2020.11.06"]
[EventType "tourn (blitz)"]

{[%evp 9,98,10,8,10,14,10,20,19,24,20,10,0,0,-11,10,0,0,0,0,0,0,0,0,-42,-45,-36,-28,-40,-37,-66,-22,-22,-15,-60,-50,-50,-45,-38,-33,-32,-23,-22,0,0,0,0,0,-41,0,-41,0,0,0,0,0,0,0,0,0,0,50,0,0,0,0,0,0,0,0,0,0,0,0,-127,-127,-127,0,0,0,-129,-120,-94,-94,-90,-15,-15,0,-55,0,-29966,0]} 1. d4 d5 2. c4 c6 3. cxd5 cxd5 4. Bg5 h6 5. Bh4 Nc6 6. Nc3 {D10: Slav Defence: 3 cxd5 (without early Nf3) and 3 Nc3.} Bf5 7. e3 Qd7 8. Bb5 {The position is equal.} e6 9. Nf3 Bd6 {[#]} 10. Rc1 $146 ({Predecessor:} 10. O-O Nge7 11. Rc1 O-O 12. Qe2 Rfc8 13. a3 a6 14. Bd3 Na5 15. Bg3 Bxg3 16. hxg3 Bxd3 17. Qxd3 {½-½ (55) Kashlinskaya,A (2494)-Salinas Herrera,P (2514) chess.com INT 2020}) 10... Nge7 11. Bxe7 Kxe7 12. Ne5 Bxe5 13. dxe5 Rhc8 14. O-O a6 15. Bxc6 Rxc6 16. Qh5 Rac8 17. Rcd1 Bg6 18. Qh4+ Kf8 19. Rd4 Qc7 20. f4 Qb6 21. Rf2 Rc4 22. Rfd2 Rxd4 23. exd4 Rc4 24. Qf2 Qc7 25. g4 Be4 26. Qe3 Qc6 27. Kf2 b5 28. Kg3 a5 29. h3 b4 30. Nxe4 dxe4 $11 {[%mdl 4096] Endgame KQR-KQR} 31. f5 $1 Rc2 32. fxe6 Rxd2 33. Qxd2 {And now exf7 would win.} Qxe6 {KQ-KQ} 34. Qc2 g5 35. Qc5+ (35. Qxe4 Qxa2 36. Qc2 Kg7 $17) 35... Kg7 36. b3 ({Of course not} 36. Qxa5 Qc4 $17) 36... Qa6 37. Qc2 Qf1 38. Qxe4 Qg1+ 39. Kf3 Qh1+ 40. Ke3 Qe1+ 41. Kd3 (41. Kf3 $1 $11 {was the only way to keep the balance.} Qh1+ 42. Ke3 Qe1+ 43. Kf3 Qh1+) 41... Qb1+ $1 $17 {[%mdl 64] Double Attack} 42. Ke3 Qe1+ (42... Qxa2 $17 43. Qd3 a4) 43. Kd3 Qb1+ (43... Qc3+ $11 44. Ke2 Qb2+ 45. Ke1 Qa1+ 46. Kd2 Qxa2+ 47. Qc2 Qa1) 44. Ke3 Qxa2 45. Qd3 a4 46. e6 {e7 is the strong threat.} ({Wrong is} 46. bxa4 $2 b3 $19) 46... fxe6 (46... Kf8 $1 $17 47. bxa4 Qxe6+ 48. Kf3 Qd5+ 49. Ke3 Qg2) 47. bxa4 $11 b3 {Threatens to win with ...Qh2.} 48. d5 ({White should play} 48. Qb5 $11) 48... b2 ({Black should try} 48... Qxa4 $15 49. d6 Qa7+ 50. Kf3 Qb7+ 51. Ke3 Qb6+ 52. Kd2 b2) 49. dxe6 $2 {[%mdl 8192]} (49. Qc3+ $11 Kf7 50. Qc7+ Kg8 51. Qb8+ Kf7 52. Qc7+ Kf6 53. Qc3+ Kf7 54. Qc7+) 49... Qxe6+ $2 {[%mdl 32768] Av CentiPawn Loss W=-35/B=-32. Weighted=-69/-67. Loss on time!?} (49... b1=Q {mates} 50. Qd7+ Kf6 51. Qf7+ {[#]} Ke5 $1 {[%mdl 512]} 52. Qc7+ Kxe6 53. Qc6+ Ke5 54. Qc7+ Kd5 55. Qf7+ Kc5 $1 {[%mdl 512]} 56. Qf8+ Kc4 57. Qc8+ Kb4 58. Qb8+ Ka3 59. Qxb1 Qxb1 60. a5 Qb3+ 61. Ke4 Qxh3 62. Kf5 Qf3+ 63. Ke5 Qxg4 64. Kd5 Qf3+ 65. Kd6 g4 66. Ke7 g3 67. a6 g2 68. a7 g1=Q 69. a8=Q+ Qxa8 70. Ke6 Qg6+ 71. Kd7 Qac6+ 72. Ke7 Qgf6#) 0-1

[Event "Meister-Talente"]
[Site "Emanuel Lasker Arena"]
[Date "2020.11.06"]
[Round "6"]
[White "Ailton_32"]
[Black "Opel 2004"]
[Result "1-0"]
[WhiteElo "2010"]
[BlackElo "1723"]
[Annotator "NA RC"]
[PlyCount "77"]
[EventDate "2020.11.06"]
[EventType "tourn (blitz)"]

1. d4 {[%emt 0:00:02]} e6 {[%emt 0:00:02]} 2. Nf3 {[%emt 0:00:01]} Nf6 {[%emt 0:00:02]} 3. g3 {[%emt 0:00:03]} b6 {[%emt 0:00:02]} 4. Bg2 {[%emt 0:00:01]} Bb7 {[%emt 0:00:01]} 5. O-O {[%emt 0:00:01]} c5 {[%emt 0:00:10]} 6. c4 {[%emt 0:00:06]} cxd4 {[%emt 0:00:04]} 7. Qxd4 {[%emt 0:00:04]} d6 {[%emt 0:00:04]} 8. b3 {[%emt 0:00:05]} Be7 {[%emt 0:00:03]} 9. Rd1 {[%emt 0:00:07] Opel 2004 reconnected.} O-O {[%emt 0:00:00]} 10. Nc3 {[%emt 0:00:05]} a6 {[%emt 0:00:02]} 11. Ba3 {[%emt 0:00:02]} Ne8 {[%emt 0:00:07] Opel 2004 reconnected. Opel 2004 reconnected. Opel 2004 reconnected.} 12. Qd3 {[%emt 0:00:56] Opel 2004 reconnected.} Qc7 {[%emt 0:00:06]} 13. h4 {[%emt 0:00:10] Opel 2004 reconnected.} h6 {[%emt 0:00:03]} 14. Ne4 {[%emt 0:00:06]} d5 {[%emt 0:00:24] Opel 2004 reconnected.} 15. cxd5 {[%emt 0:00:10]} Bxa3 {[%emt 0:00:20]} 16. d6 {[%emt 0:00:28]} Qd7 {[%emt 0:00:18]} 17. Ne5 {[%emt 0:00:08] Opel 2004 reconnected. Opel 2004 reconnected. '} Qd8 {[%emt 0:00:06]} 18. Ng5 {[%emt 0:00:10]} hxg5 {[%emt 0:00:11]} 19. Bxb7 {[%emt 0:00:02]} Ra7 {[%emt 0:00:00]} 20. Bf3 {[%emt 0:00:09]} Nxd6 {[%emt 0:00:10]} 21. Kg2 {[%emt 0:00:10]} Bb2 {[%emt 0:00:31]} 22. hxg5 {[%emt 0:00:17]} Bxe5 {[%emt 0:00:03]} 23. Rh1 {[%emt 0:00:07]} g6 {[%emt 0:00:03]} 24. Rad1 {[%emt 0:00:07]} Rd7 {[%emt 0:00:03]} 25. Qe3 {[%emt 0:00:05]} Bg7 {[%emt 0:00:05]} 26. Qf4 {[%emt 0:00:01]} Nf5 {[%emt 0:00:02]} 27. Rxd7 {[%emt 0:00:01]} Nxd7 {[%emt 0:00:02]} 28. e4 {[%emt 0:00:00]} e5 {[%emt 0:00:01]} 29. Qg4 {[%emt 0:00:01]} f6 {[%emt 0:00:08]} 30. exf5 {[%emt 0:00:02]} fxg5 {[%emt 0:00:06]} 31. Bd5+ {[%emt 0:00:01]} Rf7 {[%emt 0:00:05]} 32. fxg6 {[%emt 0:00:01]} Nf6 {[%emt 0:00:07]} 33. Bxf7+ {[%emt 0:00:01]} Kf8 {[%emt 0:00:00]} 34. Qb4+ {[%emt 0:00:01]} Qe7 {[%emt 0:00:07]} 35. Qxe7+ {[%emt 0:00:01]} Kxe7 {[%emt 0:00:02]} 36. Rc1 {[%emt 0:00:02]} Nd7 {[%emt 0:00:09]} 37. Rc6 {[%emt 0:00:03]} e4 {[%emt 0:00:04]} 38. Re6+ {[%emt 0:00:01]} Kd8 {[%emt 0:00:02]} 39. Rxe4 {[%emt 0:00:00] Opel 2004 gibt auf (Lag: Av=6.13s, max=131.1s)} 1-0

[Event "Meister-Talente"]
[Site "Emanuel Lasker Arena"]
[Date "2020.11.06"]
[Round "6"]
[White "Sreyas2008"]
[Black "Johvon"]
[Result "0-1"]
[WhiteElo "1901"]
[BlackElo "1913"]
[Annotator "NA RC"]
[PlyCount "40"]
[EventDate "2020.11.06"]
[EventType "tourn (blitz)"]

1. d4 {[%emt 0:00:07]} Nf6 {[%emt 0:00:05]} 2. Nf3 {[%emt 0:00:01]} e6 {[%emt 0:00:02]} 3. e3 {[%emt 0:00:01]} c5 {[%emt 0:00:01]} 4. Bd3 {[%emt 0:00:01]} b6 {[%emt 0:00:01]} 5. b3 {[%emt 0:00:01]} Bb7 {[%emt 0:00:02]} 6. O-O {[%emt 0:00:01]} Be7 {[%emt 0:00:01]} 7. Bb2 {[%emt 0:00:01]} O-O {[%emt 0:00:00]} 8. Ne5 {[%emt 0:00:01]} d6 {[%emt 0:00:02]} 9. Ng4 {[%emt 0:00:04]} Nc6 {[%emt 0:00:19]} 10. Nd2 {[%emt 0:00:09]} Nb4 {[%emt 0:00:10]} 11. dxc5 {[%emt 0:00:28]} Nxd3 {[%emt 0:00:08]} 12. cxd6 {[%emt 0:00:26]} Nxb2 {[%emt 0:00:18]} 13. dxe7 {[%emt 0:00:03]} Qxe7 {[%emt 0:00:27]} 14. Nxf6+ {[%emt 0:00:07]} Qxf6 {[%emt 0:00:02]} 15. Qb1 {[%emt 0:00:12]} Rfd8 {[%emt 0:00:06]} 16. Nf3 {[%emt 0:00:12]} Bxf3 {[%emt 0:00:22]} 17. gxf3 {[%emt 0:00:00]} Qxf3 {[%emt 0:00:07]} 18. Qxb2 {[%emt 0:00:03]} Rd5 {[%emt 0:00:01]} 19. h4 {[%emt 0:00:31]} Qg4+ {[%emt 0:00:03]} 20. Kh2 {[%emt 0:00:01]} Qxh4+ {[%emt 0:00:01] Sreyas2008 resigns} 0-1

[Event "Meister-Talente"]
[Site "Emanuel Lasker Arena"]
[Date "2020.11.06"]
[Round "6"]
[White "Jan2020"]
[Black "HannesFM"]
[Result "0-1"]
[WhiteElo "1869"]
[BlackElo "1875"]
[Annotator "NA RC"]
[PlyCount "48"]
[EventDate "2020.11.06"]
[EventType "tourn (blitz)"]

1. Nf3 {[%emt 0:00:04]} Nf6 {[%emt 0:00:01]} 2. c4 {[%emt 0:00:03]} b6 {[%emt 0:00:02]} 3. Nc3 {[%emt 0:00:08]} Bb7 {[%emt 0:00:02]} 4. Qc2 {[%emt 0:00:01]} c5 {[%emt 0:00:04]} 5. e4 {[%emt 0:00:21]} d6 {[%emt 0:00:06]} 6. d4 {[%emt 0:00:04]} cxd4 {[%emt 0:00:03]} 7. Nxd4 {[%emt 0:00:00]} e6 {[%emt 0:00:02]} 8. Be2 {[%emt 0:00:10]} Be7 {[%emt 0:00:02]} 9. Be3 {[%emt 0:00:02]} Nbd7 {[%emt 0:00:02]} 10. O-O {[%emt 0:00:04]} O-O {[%emt 0:00:05]} 11. f3 {[%emt 0:00:04]} a6 {[%emt 0:00:03]} 12. Rfd1 {[%emt 0:00:01]} Qc7 {[%emt 0:00:03]} 13. Rac1 {[%emt 0:00:04]} Rac8 {[%emt 0:00:02]} 14. b4 {[%emt 0:00:54]} Rfd8 {[%emt 0:00:19]} 15. Qb2 {[%emt 0:00:03]} Bf8 {[%emt 0:00:04]} 16. Rc2 {[%emt 0:00:33]} Qb8 {[%emt 0:00:10]} 17. Kh1 {[%emt 0:00:09]} Ne5 {[%emt 0:00:23]} 18. Qb3 {[%emt 0:00:25]} d5 {[%emt 0:00:18]} 19. cxd5 {[%emt 0:00:05]} exd5 {[%emt 0:00:03]} 20. Nxd5 {[%emt 0:00:03]} Nxd5 {[%emt 0:00:07]} 21. exd5 {[%emt 0:00:17]} Bxd5 {[%emt 0:00:03]} 22. Qb2 {[%emt 0:00:01]} Nc4 {[%emt 0:00:04]} 23. Bxc4 {[%emt 0:00:03]} Bxc4 {[%emt 0:00:00]} 24. Nf5 {[%emt 0:00:04]} Rxd1+ {[%emt 0:00:02] Jan2020 gibt auf (Lag: Av=0.59s, max=0.9s)} 0-1

[Event "Meister-Talente"]
[Site "Emanuel Lasker Arena"]
[Date "2020.11.06"]
[Round "7"]
[White "Psammenitos."]
[Black "Jan2020"]
[Result "1-0"]
[WhiteElo "2488"]
[BlackElo "1852"]
[Annotator "NA RC"]
[PlyCount "49"]
[EventDate "2020.11.06"]
[EventType "tourn (blitz)"]

1. d4 {[%emt 0:00:11]} d5 {[%emt 0:00:01]} 2. c4 {[%emt 0:00:02]} c6 {[%emt 0:00:01]} 3. Nf3 {[%emt 0:00:01]} Nf6 {[%emt 0:00:02]} 4. Nc3 {[%emt 0:00:02]} e6 {[%emt 0:00:04]} 5. e3 {[%emt 0:00:01]} Nbd7 {[%emt 0:00:06]} 6. Qc2 {[%emt 0:00:01]} Bd6 {[%emt 0:00:05]} 7. e4 {[%emt 0:00:02]} dxe4 {[%emt 0:00:17]} 8. Nxe4 {[%emt 0:00:00]} Nxe4 {[%emt 0:00:04]} 9. Qxe4 {[%emt 0:00:00]} e5 {[%emt 0:00:12]} 10. dxe5 {[%emt 0:00:04]} Qe7 {[%emt 0:00:41]} 11. Bf4 {[%emt 0:00:20]} Bb4+ {[%emt 0:00:25]} 12. Kd1 {[%emt 0:00:21]} O-O {[%emt 0:00:28]} 13. Bd3 {[%emt 0:00:10]} g6 {[%emt 0:00:09]} 14. c5 {[%emt 0:00:55]} Bxc5 {[%emt 0:00:32]} 15. Bg5 {[%emt 0:00:10]} Qe6 {[%emt 0:00:16]} 16. Bc4 {[%emt 0:00:01]} Rd8 {[%emt 0:00:09]} 17. Bxe6 {[%emt 0:00:12]} Nf6+ {[%emt 0:00:01]} 18. Ke2 {[%emt 0:00:19]} Nxe4 {[%emt 0:00:02]} 19. Bxd8 {[%emt 0:00:08]} Bxe6 {[%emt 0:00:01]} 20. Bh4 {[%emt 0:00:22]} Bc4+ {[%emt 0:00:01]} 21. Ke1 {[%emt 0:00:07]} Bb4+ {[%emt 0:00:01]} 22. Kd1 {[%emt 0:00:00]} h6 {[%emt 0:00:06]} 23. a3 {[%emt 0:00:05]} Ba5 {[%emt 0:00:02]} 24. Kc2 {[%emt 0:00:05]} g5 {[%emt 0:00:02]} 25. Bg3 {[%emt 0:00:02] Zeit} 1-0

[Event "Meister-Talente"]
[Site "Emanuel Lasker Arena"]
[Date "2020.11.06"]
[Round "7"]
[White "HannesFM"]
[Black "Sreyas2008"]
[Result "1-0"]
[WhiteElo "1939"]
[BlackElo "1885"]
[Annotator "NA RC"]
[PlyCount "81"]
[EventDate "2020.11.06"]
[EventType "tourn (blitz)"]

1. Nc3 {[%emt 0:00:03]} d5 {[%emt 0:00:04]} 2. e4 {[%emt 0:00:00]} d4 {[%emt 0:00:05]} 3. Nce2 {[%emt 0:00:05]} e5 {[%emt 0:00:02]} 4. Nf3 {[%emt 0:00:02]} Nc6 {[%emt 0:00:04]} 5. Ng3 {[%emt 0:00:01]} h5 {[%emt 0:00:15]} 6. h4 {[%emt 0:00:11]} Bg4 {[%emt 0:00:05]} 7. c3 {[%emt 0:00:03]} d3 {[%emt 0:00:31]} 8. Qb3 {[%emt 0:00:19]} Qd7 {[%emt 0:00:34]} 9. Qxb7 {[%emt 0:00:12]} Rd8 {[%emt 0:00:03]} 10. Bxd3 {[%emt 0:00:12]} Bc5 {[%emt 0:01:06]} 11. Bb5 {[%emt 0:00:12]} Nge7 {[%emt 0:00:02]} 12. Nxe5 {[%emt 0:00:11]} Nxe5 {[%emt 0:00:26]} 13. Bxd7+ {[%emt 0:00:01]} Rxd7 {[%emt 0:00:02]} 14. d4 {[%emt 0:00:07]} Nd3+ {[%emt 0:00:02]} 15. Kf1 {[%emt 0:00:04]} Bb6 {[%emt 0:00:01]} 16. f3 {[%emt 0:00:19]} Be6 {[%emt 0:00:02]} 17. d5 {[%emt 0:00:04]} Nc5 {[%emt 0:00:02]} 18. Qa8+ {[%emt 0:00:21]} Rd8 {[%emt 0:00:01]} 19. Qxd8+ {[%emt 0:00:01]} Kxd8 {[%emt 0:00:00]} 20. dxe6 {[%emt 0:00:00]} fxe6 {[%emt 0:00:01]} 21. Be3 {[%emt 0:00:10]} Rf8 {[%emt 0:00:03]} 22. Rd1+ {[%emt 0:00:02]} Ke8 {[%emt 0:00:02]} 23. Nxh5 {[%emt 0:00:04]} g6 {[%emt 0:00:03]} 24. Ng3 {[%emt 0:00:04]} Nxe4 {[%emt 0:00:05]} 25. Nxe4 {[%emt 0:00:03]} Bxe3 {[%emt 0:00:00]} 26. Ke2 {[%emt 0:00:01]} Bb6 {[%emt 0:00:02]} 27. h5 {[%emt 0:00:00]} gxh5 {[%emt 0:00:02]} 28. Rxh5 {[%emt 0:00:01]} Ng6 {[%emt 0:00:01]} 29. g3 {[%emt 0:00:02]} Rf5 {[%emt 0:00:01]} 30. Rxf5 {[%emt 0:00:02]} exf5 {[%emt 0:00:00]} 31. Nf6+ {[%emt 0:00:01]} Ke7 {[%emt 0:00:01]} 32. Nd5+ {[%emt 0:00:00]} Ke6 {[%emt 0:00:02]} 33. c4 {[%emt 0:00:03]} Bc5 {[%emt 0:00:01]} 34. b4 {[%emt 0:00:01]} Bd6 {[%emt 0:00:01]} 35. f4 {[%emt 0:00:01]} c5 {[%emt 0:00:02]} 36. b5 {[%emt 0:00:01]} Nf8 {[%emt 0:00:03]} 37. Kf3 {[%emt 0:00:03]} Nd7 {[%emt 0:00:03]} 38. g4 {[%emt 0:00:01]} fxg4+ {[%emt 0:00:01]} 39. Kxg4 {[%emt 0:00:00]} Nf6+ {[%emt 0:00:03]} 40. Nxf6 {[%emt 0:00:01]} Kxf6 {[%emt 0:00:00]} 41. Rxd6+ {[%emt 0:00:01] Sreyas2008 resigns (Lag: Av=0.39s, max=0.7s)} 1-0